000 00569nam a2200229Ia 4500
003 OSt
005 20220916110930.0
006 a|||||r|||| 00| 0
007 ta
008 Pun
024 _a11,272
037 _cTextbook
040 _bPun
_aARTS
_cARTS
041 _aPun
082 _aO153,1N20x, J4
100 _aਓਮ ਪ੍ਰਕਾF
245 0 _aਦਸਮੇF ਪੁਜਾਰੀ
260 _c1954
650 _aਪੰਜਾਬੀ ਸਾਹਿਤ
942 _hO153,1N20x, J4
_cTB
_2CC
999 _c101693
_d101693